LEADER 01005cam0-22003731i-450- 001 990002761910403321 005 20060410153600.0 010 $a0-226-43776-0 035 $a000276191 035 $aFED01000276191 035 $a(Aleph)000276191FED01 035 $a000276191 100 $a20030910d1973----km-y0itay50------ba 101 0 $aeng 105 $ay-------001yy 200 1 $aCompetition and entrepreneurship$f[by] Israel M. Kirzner 210 $aLondra$cChicago University Press$d1973 215 $a245 p., 20 cm 676 $aG/3.31 676 $aI/2.120 700 1$aKirzner,$bIsrael Mayer$f<1930- >$0247715 801 0$aIT$bUNINA$gRICA$2UNIMARC 901 $aBK 912 $a990002761910403321 952 $a0-4-48$b3667$fECA 952 $aVI H 117$b10203$fFSPBC 952 $aXV H 135$bs.i.$fDTE 952 $aG/3.31 KIR$b3429$fSES 959 $aECA 959 $aDTE 959 $aFSPBC 959 $aSES 996 $aCompetition and entrepreneurship$9231656 997 $aUNINA LEADER 00816nam0-22003251i-450 001 990001810570403321 005 20190610141603.0 010 $a88-206-4222-0 035 $a000181057 035 $aFED01000181057 035 $a(Aleph)000181057FED01 035 $a000181057 100 $a20021010d1998----km-y0itay50------ba 101 0 $aita 200 1 $aKalmie$fBruno Caraffini 210 $aBologna$cEdagricole$d1998 215 $aXI, 55 p.$d23 cm 225 1 $a<>gemme verdi 610 0 $aGiardinaggio 610 0 $aKalmia 676 $a635.9 700 1$aCaraffini,$bBruno$0353971 801 0$aIT$bUNINA$gRICA$2UNIMARC 901 $aBK 912 $a990001810570403321 952 $a60 635.9 CARB 1998$b6829$fFAGBC 959 $aFAGBC 996 $aKalmie$9410454 997 $aUNINA DB $aING01